00888nam a22001937a 4500003000800000008004100008037002000049040003500069041000800104080001100112100002500123245020700148260004500355300002100400500011600421650010500537655002300642700002900665BI-BuBU260122b2023 bd fr|||| 000 0 fre d bDon de l'auteur aBI-BuBUbfrecBI-BuBUdBI-BuBU0 afre a004.771 4aut.aManariyo, Jean10aMise en place d'une application web de demande, paiement et validation des inscriptions à distance des nouveaux étudiants des universités privéesbcas de l'UGLcJean Manariyo ; William Sahinguvu aBujumburabUniversité du Burundic2023 aXI-71 f.c30 cm. aMémoire présenté et soutenu publiquement en vue de l'obtention du grade de master en Génie Informatique 72BI-BuBUaApplication webxInscription en lignexGestion des inscriptionsxUniversité privée/ UGL 72BI-BuBUaMémoire1 4dir.aSahinguvu, William